| 000 | 00419nam a22001577a 4500 | ||
|---|---|---|---|
| 005 | 20251108165835.0 | ||
| 008 | 250721s9999 xx 000 0 ara d | ||
| 082 | 1 | 4 | _aط/551.6/طقس |
| 245 | 1 | 0 | _aالطقس / |
| 264 | 1 |
_aبيروت : _bدار المعارف، _c[19-]. |
|
| 300 | _a27ص : مص | ||
| 490 | 0 | _aسلسلة المعارف للأولاد | |
| 650 | 1 | 7 | _aالطقس |
| 942 |
_2ddc _cBK |
||
| 999 |
_c32635 _d32635 |
||